| 000 | 00882nam a2200277 a 4500 | ||
|---|---|---|---|
| 001 | 000110332 | ||
| 003 | CHAP | ||
| 005 | 20220329144127.0 | ||
| 008 | 140818s2013 ag a |r| |||||||spa d | ||
| 010 | _a106794 | ||
| 011 | _a107766 | ||
| 020 | _a9789509379237 | ||
| 040 | _cCHAP | ||
| 082 | 0 | 4 |
_a305.4 _bE36 |
| 245 | 0 | 0 |
_aEjercicio de los derechos y participación de las mujeres en los espacios locales : _bpromesas y realidades de la descentralización en América Latina / _ccompilado por Gloria Bonder. |
| 260 |
_aBuenos Aires : _bFlacso Argentina, _c2013. |
||
| 300 |
_a507 p. : _bil. |
||
| 590 |
_aE11695DGD _b10 _c20140819 _lUCH01 _h0929 |
||
| 590 |
_aE6096MTM _b05 _c20140818 _lUCH01 _h1442 |
||
| 650 | 1 | 4 |
_aDerechos humanos. _931916 |
| 650 | 1 | 4 |
_aEnfoque de género. _936945 |
| 700 | 1 |
_aBonder, Gloria _ecomp. _9127822 |
|
| 901 | _aBK | ||
| 942 | _cLIBRO | ||
| 942 | _n0 | ||
| 999 |
_c106794 _d106794 |
||